Konjunkturní situace v USA

Gespeichert in:
Bibliographische Detailangaben
Format: Buch
Sprache:Tschechisch
Veröffentlicht: Praha Výzkumný ústav vnějších ekonomických vztahů 1990
Tags: Tag hinzufügen
Keine Tags, Fügen Sie das erste Tag hinzu!

MARC

LEADER 00000nam a2200000 4500
001 c029877
005 20250526074721.2
041 0 |a cze 
044 |a CZ 
245 1 0 |a Konjunkturní situace v USA 
264 1 |a Praha  |b Výzkumný ústav vnějších ekonomických vztahů  |c 1990 
300 |a 40 s.